Storia antica del Messico cavata da migliori storici spagnoli, e da manoscritt (Record no. 3458)

MARC details
000 -CABECERA
campo de control de longitud fija 00930nam a2200241 a 4500
001 - NÚMERO DE CONTROL
campo de control BRCA_3729
005 - FECHA Y HORA DE LA ÚLTIMA TRANSACCIÓN
campo de control 20190320204412.0
008 - DATOS DE LONGITUD FIJA--INFORMACIÓN GENERAL
campo de control de longitud fija 150909m17801781it-a---###---#000-0#ita-#
041 ## - CÓDIGO DE LENGUA
Código de lengua del texto/banda sonora o título independiente ita
044 ## - CÓDIGO DEL PAÍS DE LA ENTIDAD EDITORA/PRODUCTORA
Código MARC del país it
050 #4 - SIGNATURA TOPOGRÁFICA DE LA BIBLIOTECA DEL CONGRESO
Número de clasificación F1219
Número de documento/Ítem .C53 1780
100 1# - ENTRADA PRINCIPAL--NOMBRE DE PERSONA
Nombre de persona Clavijero, Francisco Javier
Fechas asociadas al nombre 1731-1787
9 (RLIN) 9702
245 10 - MENCIÓN DE TÍTULO
Título Storia antica del Messico cavata da migliori storici spagnoli, e da manoscritt
Resto del título divisa in dieci libri, e corredata di carte geografiche, e di varie figure, e dissertazioni sulla terra, fugli animali, e fugli abitaturi del Messico
Mención de responsabilidad, etc. Abate Francesco Saverio Clavijero.
260 ## - PUBLICACIÓN, DISTRIBUCIÓN, ETC.
Lugar de publicación, distribución, etc. Cesena, Italia
Nombre del editor, distribuidor, etc. Gregorio Biasini
Fecha de publicación, distribución, etc. 1780-1781
300 ## - DESCRIPCIÓN FÍSICA
Extensión 4 v.
Otras características físicas il., mapas
500 ## - NOTA GENERAL
Nota general Inicio de la publicación: 1780
500 ## - NOTA GENERAL
Nota general B352
650 14 - PUNTO DE ACCESO ADICIONAL DE MATERIA--TÉRMINO DE MATERIA
Término de materia o nombre geográfico como elemento de entrada Indios de México
9 (RLIN) 9703
651 #4 - PUNTO DE ACCESO ADICIONAL DE MATERIA--NOMBRE GEOGRÁFICO
Nombre geográfico México
Subdivisión general Historia
Subdivisión cronológica Hasta 1519
9 (RLIN) 9704
651 #4 - PUNTO DE ACCESO ADICIONAL DE MATERIA--NOMBRE GEOGRÁFICO
Nombre geográfico México
Subdivisión general Historia
Subdivisión cronológica Conquista, 1519-1540
9 (RLIN) 442
902 ## - CATALOGADOR
Iniciales GFM
942 ## - ELEMENTOS DE PUNTO DE ACCESO ADICIONAL (KOHA)
Fuente del sistema de clasificación o colocación Library of Congress Classification
Tipo de ítem Koha Libros
Holdings
Estado de retiro Estado de pérdida Estado dañado No para préstamo Localización permanente Ubicación/localización actual Fecha de adquisición Número de inventario Total de préstamos Signatura topográfica completa Código de barras Fecha visto por última vez Precio válido a partir de Tipo de ítem Koha
El ejemplar forma parte de la colección y puede ser consultado según las políticas vigentes.       Biblioteca del Museo Franz Mayer (Rogerio Casas-Alatriste) Biblioteca del Museo Franz Mayer (Rogerio Casas-Alatriste) 14/09/2009 B352   F1219 .C53 1780 (B352) 3726 22/03/2019 22/03/2019 Libros